|
|
|
|
| LEADER |
00000nam2a2200000 4500 |
| 001 |
297827 |
| 005 |
20231102001038.0 |
| 020 |
|
|
|a RU
|b 84-54569
|
| 035 |
|
|
|a (RuTPU)RU\TPU\book\322962
|
| 090 |
|
|
|a 297827
|
| 100 |
|
|
|a 20150611g1984 km y0rusy5003 ca
|
| 101 |
0 |
|
|a rus
|
| 102 |
|
|
|a UA
|
| 105 |
|
|
|a y z 001zy
|
| 200 |
0 |
|
|a Том 1 : Закономерности развития социалистических производственных отношений
|
| 210 |
|
|
|d 1984
|
| 215 |
|
|
|a 311 с.
|
| 320 |
|
|
|a Предметный указатель: с. 307-309
|
| 461 |
|
1 |
|0 (RuTPU)RU\TPU\book\314690
|t Экономические проблемы развитого социализма
|o в 4 т., 5 кн.
|f Академия наук Украинской ССР (АН УССР), Институт экономики (ИЭ) ; под ред. И. И. Лукинова
|v Том 1 : Закономерности развития социалистических производственных отношений
|d 1984
|
| 606 |
1 |
|
|a Производственные отношения в социалистическом обществе
|x Политическая экономия социализма
|2 stltpush
|3 (RuTPU)RU\TPU\subj\36759
|9 58024
|
| 610 |
1 |
|
|a политическая экономия социализма
|
| 610 |
1 |
|
|a собственность
|
| 610 |
1 |
|
|a обобществление
|
| 610 |
1 |
|
|a диалектика
|
| 610 |
1 |
|
|a закономерности развития
|
| 610 |
1 |
|
|a общественные законы
|
| 610 |
1 |
|
|a общественные затраты
|
| 610 |
1 |
|
|a затраты труда
|
| 610 |
1 |
|
|a социалистическое производство
|
| 610 |
1 |
|
|a экономическая политика
|
| 610 |
1 |
|
|a показатели
|
| 610 |
1 |
|
|a экономическая эффективность
|
| 686 |
|
|
|a У013.73.0
|2 rubbk
|
| 801 |
|
0 |
|a RU
|b RuMRKP
|c 19950704
|g psbo
|
| 801 |
|
1 |
|a RU
|b 63413507
|c 20150611
|
| 801 |
|
2 |
|a RU
|b 63413507
|c 20180330
|g RCR
|
| 942 |
|
|
|c BK
|